000 00649nam a2200205 ar4500
001 2282
005 20221127090416.0
008 101107s xxk 0001fdeng d
020 _a9780719566998(pbk) :
_cSR59.00
082 0 4 _a839.7364
_bM929 2004
100 1 _aMunthe, Axel,
_d1857-1952.
245 1 4 _aThe story of San Michele /
_cAxel Munthe.
260 _aLondon :
_bJohn Murray,
_c2004.
300 _avi, 358 p. ;
_c20 cm.
500 _aOriginally published : 1929.
650 4 _aAdventure stories.
650 4 _aSwedish fiction
_y19th century.
650 4 _aSwedish fiction
_xTranslations into English.
650 4 _aPhysicans
_zEurope
_vBiography.
999 _c2280
_d2280